Woman as mediatrix : essays on nineteenth-century European women writers /

Bibliographic Details
Corporate Authors: Hofstra University, Nineteenth-Century Women Writers' International Conference
Other Authors: Goldberger, Avriel H.
Format: Conference Proceeding Book
Language:English
Published: New York : Greenwood Press, 1987.
Series:Contributions in women's studies ; no. 73.
Subjects:

MARC

Tag First Indicator Second Indicator Subfields
LEADER 00000cam a2200000 a 4500
001 in00000007241
005 20151005060014.0
008 860522s1987 nyua b 10100deng
010 |a  86014236  
020 |a 0313255156 (lib. bdg. : alk. paper) 
035 |a (OCoLC)13701516 
035 |9 AAA1724AM 
040 |a DLC  |c DLC  |d TXA  |d UtOrBLW 
043 |a e------ 
049 |a TXAM  |c [A12602239] 
050 0 0 |a PN471  |b .W55 1987 
082 0 |a 809/.89287  |2 19 
245 0 0 |a Woman as mediatrix :  |b essays on nineteenth-century European women writers /  |c edited by Avriel H. Goldberger. 
264 1 |a New York :  |b Greenwood Press,  |c 1987. 
300 |a x, 200 pages :  |b illustrations ;  |c 22 cm. 
336 |a text  |b txt  |2 rdacontent 
337 |a unmediated  |b n  |2 rdamedia 
338 |a volume  |b nc  |2 rdacarrier 
490 1 |a Contributions in women's studies,  |x 0147-104X ;  |v no. 73 
500 |a Papers originally presented at the Nineteenth-Century Women Writers' International Conference, Nov. 7-9, 1980, Hofstra University. 
500 |a "Prepared under the auspices of Hofstra University." 
504 |a Includes bibliographies and index. 
650 0 |a Women authors, European  |y 19th century  |x Biography  |x Congresses. 
650 0 |a European literature  |y 19th century  |x History and criticism  |v Congresses. 
650 0 |a European literature  |x Women authors  |x History and criticism  |x Congresses. 
650 0 |a Feminists  |z Europe  |x Biography  |x Congresses. 
700 1 |a Goldberger, Avriel H. 
710 2 |a Hofstra University. 
711 2 |a Nineteenth-Century Women Writers' International Conference  |d (1980 :  |c Hofstra University) 
830 0 |a Contributions in women's studies ;  |v no. 73. 
999 |a MARS 
999 f f |s 59055d20-5c31-3160-b231-4905e2d705e6  |i 30129317-f2a0-35de-8232-863554b7ab22  |t 0 
952 f f |p ric  |a Texas A&M University  |b Rellis Campus  |c Joint Library Facility  |d Remote Storage  |t 0  |e PN471 .W55 1987  |h Library of Congress classification  |i unmediated -- volume  |m A14812602239 
998 f f |a PN471 .W55 1987  |t 0  |l Remote Storage